| Tag |
First Indicator |
Second Indicator |
Subfields |
| LEADER |
00000cam a2200000 i 4500 |
| 001 |
in00000094026 |
| 005 |
20150927070242.0 |
| 008 |
781129s1963 mbcb b s00010 eng d |
| 035 |
|
|
|a (OCoLC)04404306
|
| 035 |
|
|
|9 AAL5879AM
|
| 040 |
|
|
|a GZE
|c GZE
|d TXA
|d UtOrBLW
|
| 049 |
|
|
|a TXAM
|c [920940]
|
| 090 |
|
|
|a TN27.M3
|b A33 no.60-2
|
| 100 |
1 |
|
|a Godard, J. D.
|
| 245 |
1 |
0 |
|a Geology of the Sagawitchewan Bay area :
|b parts of 53F/12 and 53F/13, Island Lake Mining Division, Manitoba /
|c by J. D. Godard.
|
| 264 |
|
1 |
|a Winnipeg,
|b [publisher not identified] ;
|c 1963.
|
| 300 |
|
|
|a iii, 28 pages :
|b map (folded in pocket) ;
|c 25 cm.
|
| 336 |
|
|
|a text
|b txt
|2 rdacontent
|
| 337 |
|
|
|a unmediated
|b n
|2 rdamedia
|
| 338 |
|
|
|a volume
|b nc
|2 rdacarrier
|
| 490 |
1 |
|
|a Manitoba. Dept. of Mines and Natural Resources. Mines Branch. Publication ;
|v 60-2
|
| 504 |
|
|
|a Bibliography: page 28.
|
| 650 |
|
0 |
|a Geology
|z Manitoba
|z Sagawitchewan Bay Region.
|
| 830 |
|
0 |
|a Publication (Manitoba. Department of Mines, Resources and Environmental Management. Mines Branch) ;
|v 60-2.
|
| 999 |
|
|
|a MARS
|
| 999 |
f |
f |
|s 576c38d2-0b6d-37a6-ac69-04ecae6dd83e
|i a9323154-ea40-31ad-a837-ff8c4bd6f56a
|t 0
|
| 952 |
f |
f |
|p ric
|a Texas A&M University
|b Rellis Campus
|c Joint Library Facility
|d Remote Storage
|t 0
|e TN27.M3 A33 no.60-2
|h Library of Congress classification
|i unmediated -- volume
|m A14805568848
|
| 998 |
f |
f |
|a TN27.M3 A33 no.60-2
|t 0
|l Remote Storage
|